Historia de la provincia de la Compañía de Jesús del Nuevo Reyno de Granada en la América

Gespeichert in:
Bibliographische Detailangaben
1. Verfasser: Cassani, Joseph (VerfasserIn)
Format: Buch
Sprache:Spanisch
Veröffentlicht: Caracas Fuentes para la Historia Colonial de Venezuela 1967
Schriftenreihe:Biblioteca de la Academia Nacional de la Historia, 85
Schlagworte:
Tags: Tag hinzufügen
Keine Tags, Fügen Sie den ersten Tag hinzu!

MARC

LEADER 00000nam a2200000 a 4500
001 UCS8694
003 CL-VaPUC
008 971107e19670000VE |||||||||||||||||spa|d
082 0 4 |a 271.53  |b CAS  |2 21 
100 0 |a Cassani, Joseph  |e author  |9 393500 
245 1 0 |a Historia de la provincia de la Compañía de Jesús del Nuevo Reyno de Granada en la América 
300 |a 431 p 
942 |c BK 
945 |d 19971107 00:00:00  |a cmena 
260 |a Caracas  |b Fuentes para la Historia Colonial de Venezuela  |c 1967 
600 0 7 |a JESUITAS  |2 CL-VaPUC  |9 323765 
600 0 |a Iglesia católica  |9 255129 
600 0 7 |a COMPAÑIA DE JESUS  |2 CL-VaPUC  |9 318179 
650 0 |a Iglesia   |9 255004 
650 0 |a Misioneros  |9 324171 
650 0 |a Historia venezolana  |9 393448 
650 7 |a MISIONES RELIGIOSAS  |2 CL-VaPUC  |9 393449 
650 7 |a EVANGELIZACION  |2 CL-VaPUC  |9 393501 
650 0 |a Aspectos sociales  |9 254894 
650 0 |a Doctrina social de la iglesia  |9 257333 
651 0 |a Venezuela  |9 254993 
651 7 |a CARACAS  |2 CL-VaPUC  |9 323786 
583 |a last modification  |c 19971107 00:00:00  |k Rodrigo Vera 
490 0 |a Biblioteca de la Academia Nacional de la Historia, 85 
999 |c 262963  |d 262961 
952 |0 0  |1 0  |4 0  |6 271_530000000000000_CAS_1967  |7 0  |8 A  |9 292028  |a BIBDER  |b BIBDER  |d 2019-11-19  |i 1763164  |o 271.53 CAS 1967  |p 1763164  |r 2023-01-25  |w 2019-11-19  |y BK  |k DER